4) Thunderball Quiz - Statistics

General Stats
  • This quiz has been taken 613 times
    611 since last reset
  • The average score is 5 of 10
Answer Stats
Question Answer % Correct
What does Bond use to escape Bouvar's château in the pre-title sequence? a jetpack
90%
Which character ultimately kills Largo with a spear gun? Domino
84%
Which Welshman almost fainted while singing the final note of the theme song? Tom Jones
83%
The Thunderball novel is the first in a trilogy by Fleming to feature which character? Ernst Stavro Blofeld
67%
What is the name of Largo’s yacht? Disco Volante
63%
Which Irishman produced the film and worked on the original screenplay with Ian Fleming? Kevin McClory
39%
At which British racing circuit was Fiona Volpe's murder of Count Lippe filmed? Silverstone
36%
To what country did M originally intend to assign 007 for this mission? Canada
34%
Which annual festival held in Nassau is Bond chased through? Junkanoo
27%
How many minutes does Q say Bond's emergency rebreather should last? 4
17%
No matching quizzes found
Score Distribution
Percent of People with Each Score
Percentile by Number Answered
Your Score History
You have not taken this quiz since the last reset